1051 1980 1904 1282 1779 1275 1444 1911 1706 1825 1506 1977 1439 1366 1184 1320 1180 1914 1476 1733 1316 1944 1843 1761 1221 1161 1047 1742 1134 1718 1436 1554 1338 1701 1664 1069 1440 1741 1867 1831 1088 1815 1129 1622 1664 1582 1378 1716 1603 1531 1850 1248 1614 1573 1492 1568 1395 1716 1939 1788 1677 1702 1505 1771 1835 1376 1902 1975 1613 1997 1950 1685 1948 1870 1737 1489 1027 1467 1610 1641 1539 1128 1640 1957 1649 1357 1517 1945 1441 1350 1472 1591 1030 1032 1296 1084 1690 1276 1316 BCNSPRNW ULIB Ver.6.0+V

เปลี่ยนเป็นภาษาไทย

Change to English
 แสดงรายละเอียดบรรณานุกรม
  กลับหน้าหลัก

Brief Record : Get Marc (ISO 2709) : E-mail record : QR code < ปิดหน้าต่าง
LEADER : 00000nam 2200000uu 4500
001    13399111842
003     ULIB
008    110627s2543||||th 000 0 tha d
099    วจ.WT120^bก384ค
100 0  กัญญา ชื่นอารมณ์
245 00 ความสัมพันธ์ระหว่างปัจจัยพื้นฐานกับพฤติกรรมส่งเสริมสุขภาพของผู้สูงอายุ จังหวัดลำปาง/^cกัญญา ชื่นอารมณ์
260    ลำปาง :^bวิทยาลัยพยาบาล บรมราชชนนี ลำปาง,^c2543
300    92 หน้า
650  7 การส่งเสริมสุขภาพผู้สูงอายุ^xวิจัย
650  7 ผู้สูงอายุ^xสุขภาพ^xวิจัย
945    ^p0^l0^i012807
995    ทศพร
999 ^a ใช้งานได้ทุกระบบ
รายการนี้ยังไม่มีแท็ก
คุณยังไม่ได้ล็อกอิน คุณสามารถมีกิจกรรมร่วมกับเว็บไซต์ได้ แต่ต้องล็อกอินก่อน ::
  ล็อกอิน

รายการสื่อสารสนเทศ

ลำดับที่ ประเภท เลขเรียก/บาร์โค้ด สถานที่ สถานะ
- ไม่พบข้อมูล -

BibComment


ยังไม่เคยถูกคอมเมนท์

คอมเมนท์ทรัพยากรรายการนี้
  คอมเมนท์: ความสัมพันธ์ระหว่..


 Copyright 2026. Bcnsprnw @Library